| Tag |
First Indicator |
Second Indicator |
Subfields |
| LEADER |
00000cam a2200000 4500 |
| 001 |
in00001925773 |
| 006 |
m | d | |
| 007 |
cr |n||||||||n |
| 008 |
820210s1785 enk|||| s 00| ||eng d |
| 005 |
20260406212228.6 |
| 035 |
|
|
|a (CStRLIN)ESTCT134237
|
| 040 |
|
|
|a Uk-ES
|c Uk-ES
|d CStRLIN
|d Thomson Gale
|d UtOrBLW
|
| 100 |
1 |
|
|a Milton, John,
|d 1608-1674.
|
| 245 |
1 |
0 |
|a Paradise regain'd :
|b A poem, in four books. To which is added Samson Agonistes: and Poems upon several occasions. The author John Milton. A new edition. With notes of various authors, by Thomas Newton, ...
|
| 264 |
|
3 |
|a London :
|b printed for W. Strahan, J. F. and C. Rivington, R. Horsfield, B. White, T. Longman [and 11 others in London],
|c 1785.
|
| 300 |
|
|
|a 2 volumes,plates :
|b portrait ;
|c 8⁰.
|
| 336 |
|
|
|a text
|b txt
|2 rdacontent
|
| 337 |
|
|
|a computer
|b c
|2 rdamedia
|
| 338 |
|
|
|a online resource
|b cr
|2 rdacarrier
|
| 500 |
|
|
|a Includes: 'Comus'.
|
| 500 |
|
|
|a Reproduction of original from the British Library.
|
| 510 |
4 |
|
|a English Short Title Catalog,
|c ESTCT134237.
|
| 533 |
|
|
|a Electronic reproduction.
|b Farmington Hills, Mich. :
|c Thomson Gale,
|d 2003.
|n Available via the World Wide Web.
|n Access limited by licensing agreements
|7 s2003 miunns
|
| 500 |
|
|
|a Electronic resource.
|
| 830 |
|
0 |
|a Eighteenth century collections online.
|
| 856 |
4 |
0 |
|u http://proxy.library.tamu.edu/login?url=https://galenet.galegroup.com/servlet/ECCO?c=1&stp=Author&ste=11&af=BN&ae=T134237&tiPG=1&dd=0&dc=flc&docNum=CW116782722&vrsn=1.0&srchtp=a&d4=0.33&n=10&SU=0LRK&locID=txshracd2898
|z Full text online
|t 0
|
| 999 |
|
|
|a MARS
|
| 999 |
f |
f |
|s 24f67fd8-1037-32da-99be-744d9e54713f
|i 01e6d445-ad68-3365-948f-911ea6fe9ba5
|t 0
|
| 952 |
f |
f |
|a Texas A&M University
|b College Station
|c Electronic Resources
|s www_evans
|d Available Online
|t 0
|h No information provided
|
| 998 |
f |
f |
|t 0
|l Available Online
|